000 00518nam a2200133Ia 4500
008 220216s9999 xx 000 0 und d
100 _aGarg O M
245 0 _aFemale condoms for prevention, protection & Pleasure
260 _bRubber Asia
_c2013
300 _a114-115
520 _athe female condom(FC) is the only women-initiated, dual-protection commodity that protects women from both sexually transmitted infections(STIs), including HIV,and unintended pregnancy.
650 _aNatural rubber latex
942 _cJS
999 _c59349
_d59349